|
|
|
|
| LEADER |
00000nam0a2200000 4500 |
| 001 |
284186 |
| 005 |
20231101235654.0 |
| 020 |
|
|
|a RU
|b 85-18275
|
| 035 |
|
|
|a (RuTPU)RU\TPU\book\308325
|
| 090 |
|
|
|a 284186
|
| 100 |
|
|
|a 20150212d1984 km y0rusy5003 ca
|
| 101 |
0 |
|
|a rus
|
| 102 |
|
|
|a BY
|
| 105 |
|
|
|a y z 001zy
|
| 200 |
1 |
|
|a Система программирования ЛЕС-4
|e инструкционно-методические материалы
|f Академия наук Белорусской ССР (АН БССР), Институт технической кибернетики (ИТК) ; под ред. А. Д. Закревского
|
| 210 |
|
|
|a Минск
|c Изд-во ИТК
|d 1984
|
| 215 |
|
|
|a 134 с.
|c ил.
|
| 320 |
|
|
|a Библиогр.: с. 131-132
|
| 606 |
1 |
|
|a Вычислительные системы диалоговые
|x Информационное обеспечение
|2 stltpush
|3 (RuTPU)RU\TPU\subj\4336
|9 32618
|
| 610 |
1 |
|
|a программирование
|
| 610 |
1 |
|
|a языковые средства
|
| 610 |
1 |
|
|a ЛЯПАС-М
|
| 610 |
1 |
|
|a диалоговые средства
|
| 610 |
1 |
|
|a диалоговые языки
|
| 610 |
1 |
|
|a архивные данные
|
| 675 |
|
|
|a 681.324.015
|z rus
|v 3
|
| 702 |
|
1 |
|a Закревский
|b А. Д.
|4 340
|
| 712 |
0 |
2 |
|a Академия наук Белорусской ССР (АН БССР)
|b Институт технической кибернетики (ИТК)
|c (Минск)
|2 stltpush
|3 (RuTPU)RU\TPU\col\443
|
| 801 |
|
0 |
|a RU
|b RuMRKP
|c 19950704
|g psbo
|
| 801 |
|
1 |
|a RU
|b 63413507
|c 20150212
|
| 801 |
|
2 |
|a RU
|b 63413507
|c 20170912
|g RCR
|
| 942 |
|
|
|c BK
|